Slovensko : Ľud. I.,II.časť

Gespeichert in:
Bibliographische Detailangaben
Format: Buch
Sprache:Slowakisch
Veröffentlicht: Bratislava : Obzor, 1974;1975
Ausgabe:1.vyd.
Tags: Tag hinzufügen
Keine Tags, Fügen Sie das erste Tag hinzu!

MARC

LEADER 00000nam a22000003a 4500
001 stu6738
005 20150408182036.8
008 940826s--------cs------------------slo-d
040 |a STU  |b slo 
041 0 |a slo 
044 |a cs 
080 |a 911(437.6) 
245 |a Slovensko :  |b Ľud. I.,II.časť 
250 |a 1.vyd. 
260 |a Bratislava :  |b Obzor,  |c 1974;1975 
300 |a I :  |b 732 s 
300 |a II :  |b s.733-1217 
996 |b 284EK07440  |c E*33268  |l EE0101  |s P  |a 0  |w stu6738_0001 
996 |b 284EK07441  |c E*33890  |l EE0101  |s P  |a 0  |w stu6738_0002